Normal view
MARC view
- Muhammad, Umer (400613)
Entry Personal Name
001 - CONTROL NUMBER
- control field: 132325
003 - CONTROL NUMBER IDENTIFIER
- control field: NUST
005 - DATE AND TIME OF LATEST TRANSACTION
- control field: 20251216133735.0
008 - FIXED-LENGTH DATA ELEMENTS
- fixed length control field: 251216|| aca||aabn | a|a d
040 ## - CATALOGING SOURCE
- Original cataloging agency: NUST
- Transcribing agency: NUST
100 ## - HEADING--PERSONAL NAME
- Personal name: Muhammad, Umer (400613)
670 ## - SOURCE DATA FOUND
- Source citation: Work cat.: (NUST): Muhammad, Umer (400613), Optimal Battery Energy Storage Systems (BESS) Investment Planning under the Uncertainty of Locational Marginal Prices (LMP) Markets /
